| 000 | 00929nam a22002417a 4500 | ||
|---|---|---|---|
| 005 | 20100413115518.0 | ||
| 008 | 100413t xxu||||| |||| 00| 0 eng d | ||
| 010 | _aENG-96029 | ||
| 020 |
_a0198065574 _c875.00 |
||
| 020 |
_a9780198065579 _c875.00 |
||
| 035 | _aEN-79562 | ||
| 037 | _bDBAD/PUB | ||
| 040 | _aDPL | ||
| 082 | _a346.048 | ||
| 100 | _aChandra, Rajshree | ||
| 245 |
_aKnowledge as property: _bissues in the moral grounding of intellectual property rights/ _cby Rajshree Chandra |
||
| 260 |
_aNew Delhi _bOxford University Press _c2010 |
||
| 270 |
_aYMCA library building, Jai Singh Road _bNew Delhi _e110001 |
||
| 300 |
_axxvi, 374p. ; _c23 cm.(Hb) |
||
| 500 | _aincludes index | ||
| 942 |
_2ddc _cEN _mCHA _h346.048 |
||
| 999 |
_c35251 _d35251 |
||